000 00868nam a2200337 4500
001 044533
003 DO-SdBNP
005 20180213090707.0
007 044533
008 950627s 2007 sp | |||| ||spa
016 7 _a
_2BPMSU
017 _a
_b
020 _a843481174X
035 _a
040 _aBPMSU
_bspa
_cBPMSU
_e
041 1 _aspa
_h
080 0 _a
100 1 _aLobe, Mira
_d1913-
240 1 4 _a Das Schlosgespenst
_l
245 1 3 _aEl fantasma de palacio /
_cMira Lobe ; ilustraciones Susi Weigel
_h
250 _a40ยช ed.
260 _aMadrid :
_bSM,
_c2007
300 _a75 p. ;
_bil.:
_c19 cm.
490 1 _aEl barco de vapor.
700 1 _aWeigel, Susi
_eil.
700 1 _a
830 3 _aEl barco de vapor.
_p
_v5
942 _2ddc
_cBK
945 _aInventariado, 2018 / BT
956 _adgarcia
_210
_320160412
_6BPMSU
_80069
999 _c12088
_d12088